Online
Catalog

Momentos estelares en la historia de Cuba / (Record no. 22109)

MARC details
000 -CABECERA
campo de control de longitud fija 00687nam a2200205 a 4500
001 - NÚMERO DE CONTROL
campo de control 000022612
005 - FECHA Y HORA DE LA ÚLTIMA TRANSACCIÓN
campo de control 20200930021709.0
008 - DATOS DE LONGITUD FIJA--INFORMACIÓN GENERAL
campo de control de longitud fija 101014s2007 ml ac 000 0 spa d
020 ## - NÚMERO INTERNACIONAL ESTÁNDAR DEL LIBRO
Número Internacional Estándar del Libro 9781593881177
040 ## - FUENTE DE LA CATALOGACIÓN
Centro catalogador/agencia de origen DO-SdBNP
Lengua de catalogación spa
Centro/agencia transcriptor BNPHU
082 ## - NÚMERO DE LA CLASIFICACIÓN DECIMAL DEWEY
Número de clasificación xxx
Número de documento/Ítem M385m
049 ## - FONDOS LOCALES (OCLC)
Fondos de biblioteca BNPD
100 1# - ENTRADA PRINCIPAL--NOMBRE DE PERSONA
Nombre de persona Martínez Paula, Emilio
9 (RLIN) 46533
245 10 - MENCIÓN DE TÍTULO
Título Momentos estelares en la historia de Cuba /
Mención de responsabilidad, etc. Emilio Martínez Paula ; prólogo Ferreiro- Mora, Julio.
260 ## - PUBLICACIÓN, DISTRIBUCIÓN, ETC.
Lugar de publicación, distribución, etc. Miami :
Nombre del editor, distribuidor, etc. Ediciones Universal,
Fecha de publicación, distribución, etc. 2007.
300 ## - DESCRIPCIÓN FÍSICA
Extensión 434 p. :
Otras características físicas il., retr. ;
Dimensiones 24 cm.
490 1# - MENCIÓN DE SERIE
Mención de serie Cuba y sus jueces
500 ## - NOTA GENERAL
Nota general Incluye datos biográficos del autor en la contraportada
830 #0 - PUNTO DE ACCESO ADICIONAL DE SERIE-TÍTULO UNIFORME
Título uniforme Cuba y sus jueces
9 (RLIN) 20653
Holdings
Estado de retiro Estado de pérdida Restricciones de uso No para préstamo Código de colección Localización permanente Ubicación/localización actual Ubicación en estantería Fecha de adquisición Número de inventario Total de préstamos Signatura topográfica completa Código de barras Fecha visto por última vez Precio válido a partir de Tipo de ítem Koha
        Monografías: Libros y Folletos General General En catalogación 14.10.2010 LF1   xxx M385m 22612-10 25.06.2020 25.06.2020 Préstamo en sala

Powered by Koha